| 000 | 01223nam a22002897a 4500 | ||
|---|---|---|---|
| 003 | OSt | ||
| 005 | 20250214091814.0 | ||
| 007 | cr ||||||a|c|a | ||
| 008 | 221214b2021 mx ||||fom||| 001 0 spa d | ||
| 040 | _erda | ||
| 100 | 1 |
_9123796 _aZavala Martínez, José Mabel |
|
| 245 | 1 |
_aAnálisis de las variables y de los indicadores de competitividad del mango mexicano en el mercado mundial / _cpor José Mabel Zavala Martínez; director de tesis Ignacio Caamal Cauich |
|
| 264 |
_aChapingo, México : _bEl autor, _c2021. |
||
| 300 |
_a1 recurso en línea (87 páginas). _bgráficas |
||
| 336 |
_2rdacontent _atexto _btxt |
||
| 337 |
_2rdamedia _acomputadora _bc |
||
| 338 |
_2rdacarrier _arecurso en línea _bcr |
||
| 502 |
_bMCEARN _cDICEA _d2021. _gMAE |
||
| 504 | _aIncluye referencias bibliográficas: páginas 39-42, 58-59, 81-83 | ||
| 650 | 4 |
_9156970 _aMangos _xProducción |
|
| 650 | 4 |
_970426 _aMango _xImportación |
|
| 650 | 4 |
_970415 _aMango _xExportación |
|
| 650 | 4 |
_970450 _aMango _xPrecios |
|
| 700 | 1 |
_aCaamal Cauich, Ignacio _eDirector de tesis _916527 |
|
| 856 |
_uhttp://10.13.5.2/tesis/tm/2021_EA_Zavala_Martinez_JoseMabel.pdf _zDESCARGAR PDF |
||
| 942 |
_2Clasificación Universidad Autónoma Chapingo _cTD |
||
| 999 |
_c217968 _d217968 |
||